Difusión de la información en la biblioteca : el servicio de información y referencia (Record no. 66062)
[ view plain ]
| 000 -CABECERA | |
|---|---|
| campo de control de longitud fija | 00662nam a2200229 a 4500 |
| 005 - FECHA Y HORA DE LA ÚLTIMA TRANSACCIÓN | |
| campo de control | 20210219153014.0 |
| 008 - ELEMENTOS DE LONGITUD FIJA--INFORMACIÓN GENERAL | |
| campo de control de longitud fija | 991125n 000 0 spa u |
| 035 ## - NÚMERO DE CONTROL DEL SISTEMA | |
| Número de control de sistema | UPN01000072708 |
| 100 1# - ASIENTO PRINCIPAL--NOMBRE PERSONAL | |
| Nombre de persona | Arrebola, J. Federico |
| 222 ## - TÍTULO CLAVE | |
| Título clave | EDUCACION Y BIBLIOTECA |
| 245 ## - MENCIÓN DE TÍTULO | |
| Título | Difusión de la información en la biblioteca : el servicio de información y referencia |
| 260 ## - PUBLICACIÓN, DISTRIBUCIÓN, ETC. | |
| Lugar de publicación, distribución, etc. | Madrid, España |
| 300 ## - DESCRIPCIÓN FÍSICA | |
| Extensión | 20-21 |
| 362 0# - FECHAS DE PUBLICACIÓN Y/O DESIGNACIÓN SECUENCIAL | |
| Fecha de publicación y/o designación secuencial | 1994 No. 50, oct. |
| 653 0# - TERMINO DE INDIZACION - NO CONTROLADO | |
| Término no controlado | CONSULTA |
| 653 0# - TERMINO DE INDIZACION - NO CONTROLADO | |
| Término no controlado | DIFUSION DE LA INFORMACION |
| 653 0# - TERMINO DE INDIZACION - NO CONTROLADO | |
| Término no controlado | ESPAÑA |
| 653 0# - TERMINO DE INDIZACION - NO CONTROLADO | |
| Término no controlado | ORIENTACION A USUARIOS |
| 653 0# - TERMINO DE INDIZACION - NO CONTROLADO | |
| Término no controlado | SERVICIOS BIBLIOTECARIOS |
| 904 ## - ELEMENTOS DE DATOS D LOCAL, LDD (RLIN) | |
| a | AC |
| b | 010519 |
| 905 ## - TIPO DE MATERIAL | |
| Tipo de material | Articulo |
No items available.
